[Event "15th Kesan Open 2017"]
[Site "Kesan"]
[Date "2017.08.16"]
[Round "6.7"]
[White "Seyhanoglu, Deniz"]
[Black "Guseynov, Alihan"]
[Result "1/2-1/2"]
[WhiteElo "2060"]
[BlackElo "2399"]
[Annotator "TA"]
[PlyCount "52"]
[EventCountry "TUR"]
[SourceTitle "playchess.com"]
[Source "ChessBase"]
[SourceQuality "1"]

{[%evp 11,52,46,46,25,41,-3,-6,-4,-4,-16,-15,-18,0,0,0,0,0,-9,6,0,38,-28,-8,-52,-2,0,39,35,48,39,46,3,14,0,0,-7,-16,-10,77,76,83,74,77]} 1. e4 c6 2. d4 g6 3. Nc3 d5 4. e5 Nh6 5. h3 Bg7 6. Bf4 {B15: Caro-Kann: 3 Nc3: 3...g6 and 3...dxe4 4 Nxe4 Nf6 5 Nxf6+ exf6} (6. Nf3 f6 7. Bf4 O-O 8. Qd2 Nf7 9. O-O-O Bf5 10. Kb1 Nd7 11. Re1 fxe5 12. dxe5 Nc5 13. Nd4 Ne6 14. Nxf5 gxf5 15. Bd3 Nxf4 16. Qxf4 e6 17. g4 {0-1 (60) Linker,M (2239)-Gochelashvili,D (2425) Sochi 2017}) 6... f6 $1 {LiveBook: 5 Games} 7. exf6 exf6 8. Nf3 {White is slightly better.} (8. Qe2+ {looks sharper.} Kf7 9. O-O-O Re8 10. Qd2 Nf5 11. Bd3) 8... O-O 9. Be2 Nd7 10. Qd2 Nf7 11. O-O Re8 12. Rfe1 Nf8 13. Bd3 $36 {[%mdl 2048] Black is under pressure.} Ne6 14. Be3 Bf8 $146 ({Predecessor:} 14... f5 15. Ne2 Nd6 16. Rad1 Ne4 {0-1 (32) Olea,L (1888)-Ionescu Brandis,I (2229) Mamaia 2013}) 15. Ne2 Bd6 16. Nf4 (16. c4 $14) 16... Ng7 17. Ne2 Qc7 18. c4 {[%cal Bc2c4,Bc4c5][%mdl 32]} Be6 19. c5 Bf8 20. Bf4 Qd7 21. Nc3 Bf5 22. Bf1 g5 23. Bh2 Be4 24. Qd1 Nf5 (24... Bg6 $11 {remains equal.}) 25. Nd2 $16 {[%cal Rc3e4]} Nxd4 {[#] Hoping for ...Bc2.} 26. Ndxe4 dxe4 {Precision: White = 43%, Black = 49%.} 1/2-1/2

[Event "15th Kesan Open 2017"]
[Site "Kesan"]
[Date "2017.08.16"]
[Round "6.8"]
[White "Markidis, Konstantinos"]
[Black "Korkmaz, Turhan"]
[Result "1-0"]
[WhiteElo "2350"]
[BlackElo "1867"]
[Annotator "ChessBase"]
[PlyCount "117"]
[EventCountry "TUR"]
[SourceTitle "playchess.com"]
[Source "ChessBase"]
[SourceQuality "1"]
[TimeControl "5400+30"]

1. e4 {[%emt 0:00:30]} c5 {[%emt 0:01:00]} 2. Nf3 {[%emt 0:00:30]} d6 {[%emt 0:00:30]} 3. Bb5+ {[%emt 0:00:00]} Nd7 {[%emt 0:01:30]} 4. c3 {[%emt 0:01:00]} a6 {[%emt 0:04:30]} 5. Ba4 {[%emt 0:00:30]} b5 {[%emt 0:02:30]} 6. Bc2 {[%emt 0:00:30]} Bb7 {[%emt 0:04:30]} 7. d4 {[%emt 0:00:30]} e6 {[%emt 0:01:30]} 8. O-O {[%emt 0:00:30]} Be7 {[%emt 0:03:30]} 9. Re1 {[%emt 0:00:30]} Qc7 {[%emt 0:07:30]} 10. Nbd2 {[%emt 0:01:30]} Ngf6 {[%emt 0:02:30]} 11. Nf1 {[%emt 0:04:30]} O-O {[%emt 0:01:30]} 12. Ng3 {[%emt 0:01:30]} Rad8 {[%emt 0:02:30]} 13. Qe2 {[%emt 0:04:30]} Rfe8 {[%emt 0:04:30]} 14. a4 {[%emt 0:04:30]} c4 {[%emt 0:05:30]} 15. Bd2 {[%emt 0:03:30]} Bf8 {[%emt 0:00:30]} 16. h3 {[%emt 0:14:30]} g6 {[%emt 0:01:30]} 17. Be3 {[%emt 0:01:30]} h5 {[%emt 0:01:30]} 18. Bg5 {[%emt 0:00:30]} e5 {[%emt 0:01:30]} 19. Qd2 {[%emt 0:03:30]} Kh7 {[%emt 0:04:30]} 20. b4 {[%emt 0:07:30]} Bg7 {[%emt 0:05:30]} 21. d5 {[%emt 0:16:30]} Ra8 {[%emt 0:02:30]} 22. Be3 {[%emt 0:04:30]} Rf8 {[%emt 0:03:30]} 23. Rf1 {[%emt 0:01:30]} Qd8 {[%emt 0:06:30]} 24. Ra3 {[%emt 0:03:30]} Ng8 {[%emt 0:08:30]} 25. Ng5+ {[%emt 0:00:30]} Kh8 {[%emt 0:01:30]} 26. Rfa1 {[%emt 0:00:30]} Qe7 {[%emt 0:02:30]} 27. Qc1 {[%emt 0:00:30]} Ndf6 {[%emt 0:03:03]} 28. R1a2 {[%emt 0:07:53]} Nh7 {[%emt 0:03:03]} 29. Nxh7 {[%emt 0:01:36]} Kxh7 {[%emt 0:00:24]} 30. Qa1 {[%emt 0:00:32]} h4 {[%emt 0:02:00]} 31. Nf1 {[%emt 0:00:58]} f5 {[%emt 0:03:37]} 32. f3 {[%emt 0:00:43]} f4 {[%emt 0:02:58]} 33. Bf2 {[%emt 0:00:23]} Rab8 {[%emt 0:01:27]} 34. axb5 {[%emt 0:00:37]} axb5 {[%emt 0:00:01]} 35. Ra7 {[%emt 0:00:33]} Qg5 {[%emt 0:00:25]} 36. Qe1 {[%emt 0:01:07]} Bf6 {[%emt 0:00:26]} 37. R2a6 {[%emt 0:00:18]} Rfd8 {[%emt 0:05:21]} 38. Rb6 {[%emt 0:00:52]} Rd7 {[%emt 0:00:01]} 39. Rxb5 {[%emt 0:00:02]} Ne7 {[%emt 0:00:14]} 40. Ra1 {[%emt 0:01:02]} Qh6 {[%emt 0:02:06]} 41. Bd1 {[%emt 0:00:35]} g5 {[%emt 0:00:36]} 42. Nd2 {[%emt 0:00:58]} Rc7 {[%emt 0:01:19]} 43. Be2 {[%emt 0:00:19]} Rbc8 {[%emt 0:00:51]} 44. Ra7 {[%emt 0:00:25]} Ba8 {[%emt 0:00:23]} 45. Rxc7 {[%emt 0:00:57]} Rxc7 {[%emt 0:00:01]} 46. Nxc4 {[%emt 0:00:01]} Bg7 {[%emt 0:00:30]} 47. Rb8 {[%emt 0:00:46]} Bb7 {[%emt 0:00:13]} 48. Bb6 {[%emt 0:00:53]} Rd7 {[%emt 0:00:35]} 49. Na5 {[%emt 0:00:13]} Bxd5 {[%emt 0:01:22]} 50. exd5 {[%emt 0:00:10]} e4 {[%emt 0:00:15]} 51. Bb5 {[%emt 0:00:25]} Nxd5 {[%emt 0:00:41]} 52. Bxd7 {[%emt 0:00:18]} Qf6 {[%emt 0:00:33]} 53. Qxe4+ {[%emt 0:00:58]} Kh6 {[%emt 0:00:00]} 54. Qxd5 {[%emt 0:00:06]} Qxc3 {[%emt 0:00:05]} 55. Qxd6+ {[%emt 0:00:38]} Bf6 {[%emt 0:00:02]} 56. Rh8+ {[%emt 0:00:59]} Kg6 {[%emt 0:00:08]} 57. Be8+ {[%emt 0:00:30]} Kf5 {[%emt 0:00:14]} 58. Qd5+ {[%emt 0:00:13]} Be5 {[%emt 0:00:46]} 59. Rf8# {[%emt 0:00:06]} 1-0

[Event "15th Kesan Open 2017"]
[Site "Kesan"]
[Date "2017.08.16"]
[Round "6.9"]
[White "Maden, Mirac Kerem"]
[Black "Annaberdiyev, Babageldi"]
[Result "0-1"]
[WhiteElo "2014"]
[BlackElo "2223"]
[Annotator "TA"]
[PlyCount "32"]
[EventCountry "TUR"]
[SourceTitle "playchess.com"]
[Source "ChessBase"]
[SourceQuality "1"]

{[%evp 15,32,43,35,31,38,36,38,22,42,5,14,0,0,-35,-24,-258,-234,-437,-447]} 1. d4 d5 2. Nf3 Nf6 3. c4 e6 4. g3 Bb4+ 5. Bd2 a5 6. Bg2 O-O 7. O-O Nc6 {E11: Bogo-Indian} (7... Nbd7 8. Qc2 c6 9. Bf4 Be7 10. Rd1 h6 11. cxd5 exd5 12. Nc3 Re8 13. Nb5 Rf8 14. Bc7 Qe8 15. Nd6 Bxd6 16. Bxd6 Qe4 17. Qxe4 dxe4 {1-0 (37) Postny,E (2634)-Stocek,J (2567) Teplice 2015}) 8. a3 Be7 {LiveBook: 3 Games} 9. Bc3 Ne4 {White is slightly better.} 10. Nbd2 f5 11. Qc2 Bd7 $146 ({Predecessor:} 11... a4 12. Rad1 Bd7 13. Nxe4 dxe4 14. Ne1 {1-0 (44) Ryskin,A-Ronin,V Minsk 1986}) 12. cxd5 exd5 13. Qb3 Be8 14. Ne5 a4 15. Qxb7 $2 {[#]} (15. Qc2 $11 {and White has nothing to worry.}) 15... Rf6 $1 $19 {And now ...Rb8 would win.} 16. Nef3 $2 (16. Ng4 fxg4 17. Nxe4 dxe4 18. Bxe4) 16... Nd6 {Precision: White = 20%, Black = 80%.} 0-1

[Event "15th Kesan Open 2017"]
[Site "Kesan"]
[Date "2017.08.16"]
[Round "6.10"]
[White "Tereladze, Sopiko"]
[Black "Donmez, Taha Mert"]
[Result "1-0"]
[WhiteElo "2172"]
[BlackElo "1918"]
[Annotator "RC"]
[PlyCount "67"]
[EventCountry "TUR"]
[SourceTitle "playchess.com"]
[Source "ChessBase"]
[SourceQuality "1"]
[TimeControl "5400+30"]

1. d4 {[%emt 0:14:30]} g6 {[%emt 0:01:00]} 2. c4 {[%emt 0:00:30]} Bg7 {[%emt 0:00:00]} 3. Nc3 {[%emt 0:00:30]} d6 {[%emt 0:00:00]} 4. e4 {[%emt 0:00:30]} Nc6 {[%emt 0:01:30]} 5. Nf3 {[%emt 0:00:30]} Bg4 {[%emt 0:05:30]} 6. Be3 {[%emt 0:09:30]} e5 {[%emt 0:00:00]} 7. d5 {[%emt 0:00:30]} Nd4 {[%emt 0:00:00]} 8. h3 {[%emt 0:01:30]} Bxf3 {[%emt 0:04:30]} 9. gxf3 {[%emt 0:00:00]} Ne7 {[%emt 0:00:30]} 10. f4 {[%emt 0:08:00]} c5 {[%emt 0:03:30]} 11. fxe5 {[%emt 0:00:30]} Bxe5 {[%emt 0:01:30]} 12. h4 {[%emt 0:05:30]} Qa5 {[%emt 0:24:30]} 13. f4 {[%emt 0:09:30]} Bg7 {[%emt 0:02:30]} 14. h5 {[%emt 0:08:30]} f5 {[%emt 0:05:30]} 15. h6 {[%emt 0:13:30]} Bf6 {[%emt 0:00:30]} 16. Qd3 {[%emt 0:00:30]} Nf3+ {[%emt 0:10:30]} 17. Kf2 {[%emt 0:00:30]} Nd4 {[%emt 0:01:30]} 18. Bh3 {[%emt 0:08:34]} Qb6 {[%emt 0:11:30]} 19. Rab1 {[%emt 0:02:06]} O-O {[%emt 0:02:30]} 20. b4 {[%emt 0:04:36]} Qa6 {[%emt 0:13:33]} 21. bxc5 {[%emt 0:00:53]} fxe4 {[%emt 0:01:23]} 22. Nxe4 {[%emt 0:03:42]} Qxa2+ {[%emt 0:00:56]} 23. Qd2 {[%emt 0:00:21]} Qxd2+ {[%emt 0:03:14]} 24. Bxd2 {[%emt 0:00:11]} dxc5 {[%emt 0:00:55]} 25. Rxb7 {[%emt 0:00:36]} Nef5 {[%emt 0:01:23]} 26. Nxf6+ {[%emt 0:02:15]} Rxf6 {[%emt 0:00:30]} 27. Ra1 {[%emt 0:00:06]} a6 {[%emt 0:02:44]} 28. Bxf5 {[%emt 0:00:35]} Nxf5 {[%emt 0:00:35]} 29. Ra5 {[%emt 0:01:19]} Nd6 {[%emt 0:00:42]} 30. Rg7+ {[%emt 0:01:50]} Kh8 {[%emt 0:00:15]} 31. Kf3 {[%emt 0:00:35]} Raf8 {[%emt 0:01:53]} 32. Rxa6 {[%emt 0:00:25]} Nf5 {[%emt 0:00:52]} 33. Raa7 {[%emt 0:00:07]} Nd4+ {[%emt 0:00:34]} 34. Kg4 {[%emt 0:00:44]} 1-0

[Event "15th Kesan Open 2017"]
[Site "Kesan"]
[Date "2017.08.17"]
[Round "7.1"]
[White "Rasulov, Vugar"]
[Black "Buyukasik, Diyap"]
[Result "1/2-1/2"]
[WhiteElo "2509"]
[BlackElo "2285"]
[Annotator "TA"]
[PlyCount "173"]
[EventCountry "TUR"]
[SourceTitle "playchess.com"]
[Source "ChessBase"]
[SourceQuality "1"]

{[%evp 27,173,0,11,-30,10,0,22,17,14,0,18,0,0,-7,-7,-7,0,0,0,0,0,0,0,-95,-11,-18,-11,-4,0,0,0,0,0,0,0,0,0,0,7,4,20,0,0,0,0,0,0,6,3,0,0,0,0,0,0,0,27,28,24,0,27,6,39,8,8,9,11,0,0,0,0,0,0,0,0,0,0,0,0,0,0,0,0,0,0,0,0,0,0,0,0,0,0,0,0,0,0,0,0,0,0,0,0,0,0,0,0,0,0,0,0,0,0,0,0,0,0,0,0,0,0,0,0,0,0,0,0,0,0,0,0,0,0,0,0,16,0,0,0,0,0,0,0,0,0,0,0,0]} 1. d4 Nf6 2. Nf3 e6 3. g3 d5 4. Bg2 Be7 5. O-O O-O 6. c4 dxc4 7. Qc2 a6 8. a4 Bd7 9. Qxc4 Bc6 10. Bg5 Nbd7 11. Nc3 h6 12. Bxf6 {E05: Open Catalan: 5 Nf3 Be7} (12. Bf4 Bd6 13. Ne5 Bxg2 14. Kxg2 Nb6 15. Qb3 a5 16. Rfd1 Nfd5 17. Nxd5 exd5 18. Nd3 Bxf4 19. Nxf4 c6 {½-½ (48) Vachier Lagrave,M (2804)-Dominguez Perez,L (2739) Doha 2016}) 12... Nxf6 13. Ne5 Bxg2 14. Kxg2 Qd6 {LiveBook: 3 Games} 15. e4 $146 ({Predecessor:} 15. Nd3 Rfd8 16. e3 b6 17. Rfd1 c5 18. Ne5 Qc7 19. Rac1 Qb7+ {½-½ (42) Novikov,M (2500)-Kulicov,O (2451) Tula 2014}) 15... Qb4 16. Rfd1 Rfd8 17. Qxb4 Bxb4 18. Kf3 Nd7 19. Nd3 Bf8 20. b3 c5 21. d5 c4 22. bxc4 Rac8 23. Ne2 Rxc4 24. dxe6 fxe6 25. Nef4 {[#]} (25. Rdc1 $11 Nb6 26. Ndf4) 25... Kf7 (25... Rd4 $1 $17 26. Nb2 Ne5+ 27. Kg2 Kf7) 26. a5 $11 g5 27. Ne2 Ke8 28. Rdc1 $1 {[%cal Rc1c4]} b5 29. axb6 $1 Nxb6 30. Ne5 Rxc1 31. Nxc1 Ra8 $1 32. Nb3 Bg7 33. Ra5 Ke7 (33... Bxe5 $5 34. Rxe5 Kf7 $11) 34. Kg4 Bxe5 35. Rxe5 {[%mdl 4096] Endgame And now Nd4 would win. KRN-KRN} Kf6 (35... Nd7 $5 36. Ra5 $8 Rc8 $11) 36. f4 {Threatening Nd4.} Nd7 37. Ra5 Rb8 38. e5+ ({Reject} 38. fxg5+ hxg5 39. Nd4 Rb4 $15) 38... Kf7 39. Nd4 gxf4 40. gxf4 Rb4 41. Nf3 (41. Nc2 {seems wilder.} Rb2 42. Ne3 Rb3 43. Nf1 Kg6 44. Ng3) 41... Rb6 42. Ra3 Nf8 43. Rc3 Rb7 44. Rc6 Ra7 45. f5 {Hoping for Nd4.} a5 {The position is equal.} 46. Nd4 {[%cal Rf5e6]} exf5+ $1 47. Kxf5 {aiming for e6+.} a4 48. Nb5 Ra5 49. Rc7+ (49. Na3 {is more complex.} Nd7 50. Nc4 Rc5 51. Rd6 Ke7 52. Re6+) 49... Kg8 $1 50. Na3 Rd5 51. Ra7 Rd2 52. h4 Rf2+ 53. Ke4 Re2+ 54. Kf5 Rf2+ 55. Kg4 Re2 56. Ra5 Re3 57. Nc2 Re4+ 58. Kf5 Rxh4 59. Ne3 Rh5+ 60. Ke4 Rh4+ 61. Kd5 Rf4 62. Kd6 (62. Ra8 $5 {[%cal Re5e6]} Kg7 63. Ra6 $11) 62... Ng6 63. e6 a3 64. Nd5 Rf3 65. Ra8+ Kg7 66. Ra7+ Kf8 67. Ra8+ Kg7 68. e7 Nxe7 $1 69. Kxe7 {KRN-KR} h5 70. Ra4 Kg6 71. Ke6 Kg5 72. Ra8 Kg4 (72... a2 $5) 73. Ke5 Kg3 (73... a2 $5) 74. Rg8+ Kf2 75. Nf4 h4 76. Rg2+ Kf1 {White must now prevent ...Rxf4!} 77. Ra2 h3 78. Ke4 Rb3 79. Kf5 Ke1 (79... h2 $5) 80. Rh2 Kf1 (80... a2 $5) 81. Rh1+ Kf2 82. Kg4 Rg3+ 83. Kh4 Rf3 84. Kg4 Rg3+ 85. Kf5 a2 86. Ra1 Ra3 {[#]} 87. Nxh3+ $1 {[%mdl 512] Precision: White = 64%, Black = 73%.} 1/2-1/2

[Event "15th Kesan Open 2017"]
[Site "Kesan"]
[Date "2017.08.17"]
[Round "7.2"]
[White "Annaberdiev, Meilis"]
[Black "Benidze, Davit"]
[Result "1-0"]
[WhiteElo "2487"]
[BlackElo "2476"]
[Annotator "TA"]
[PlyCount "72"]
[EventCountry "TUR"]
[SourceTitle "playchess.com"]
[Source "ChessBase"]
[SourceQuality "1"]

{[%evp 18,72,65,64,61,58,64,54,52,54,50,55,59,52,75,89,91,93,158,156,180,113,100,89,95,84,102,63,60,88,163,156,238,237,178,231,245,235,517,525,514,491,681,641,600,591,577,577,927,902,29986,29986,29986,29987,29988,29989,29989]} 1. e4 g6 2. d4 Bg7 3. Nc3 d6 4. Be3 a6 5. f4 b5 6. Nf3 Bb7 7. Bd3 Nf6 {B06: Modern Defence} (7... Nd7 8. e5 Nh6 9. Qe2 Nb6 10. Ne4 Qd7 11. O-O O-O 12. Rae1 Nd5 13. Bd2 Rae8 14. c3 f5 15. Neg5 e6 16. b3 {0-1 (33) Grischuk,A (2763)-Svidler,P (2749) Astana 2012}) 8. e5 Nd5 9. Nxd5 Bxd5 10. a4 {LiveBook: 4 Games} b4 11. Qe2 $146 ({Predecessor:} 11. O-O a5 12. f5 dxe5 13. dxe5 gxf5 14. Bxf5 Nc6 15. Qe2 Nxe5 16. Nxe5 Bxe5 17. Rad1 e6 18. Bxe6 Bxh2+ 19. Kxh2 fxe6 20. Qh5+ Kd7 21. Rxd5+ exd5 22. Qxd5+ {1-0 (22) Cosma,E (2325)-Dragomirescu,A (2240) Sarata Monteoru 2012}) 11... e6 12. O-O O-O 13. c3 bxc3 14. bxc3 a5 15. Ng5 Bc6 16. Qg4 {aiming for Qh3.} Qe7 17. h4 {[%cal Bh2h4,Bh4h5][%mdl 32]} Nd7 (17... h5 $142 18. Qe2 Nd7) 18. h5 $1 $16 h6 19. Nf3 ({Better is} 19. hxg6 $18 hxg5 20. Qh5 fxg6 21. Bxg6 (21. Qxg6 Rf5 $15)) 19... f5 20. Qxg6 {Hoping for g4.} Nb6 21. Qg3 Qf7 22. exd6 cxd6 23. c4 $1 $36 {[%mdl 2048] Keeping Black busy.} Nxa4 (23... Be4 $16 {is a better defense.} 24. Bxe4 fxe4) 24. d5 $1 $18 {[%cal Rd5c6]} exd5 (24... Be8 $16) 25. Nd4 Bd7 {[#] White must now prevent ...Nc5.} 26. Rxa4 $1 Bxa4 27. Nxf5 Kh8 $2 (27... Qc7 28. cxd5 (28. Nxg7 Qxg7 29. Qf3 Bc6 $14) 28... Rxf5) 28. Nxg7 Qxg7 {[#]} 29. Qf2 $1 dxc4 30. Bd4 Rf6 31. Qb2 Raf8 32. Bxc4 Bd7 33. Rf3 Qe7 34. Re3 {White mates.} Qd8 35. Rg3 Bf5 {[#]} 36. Rg8+ $1 {[%mdl 512]} Kh7 {Precision: White = 85%, Black = 59%.} (36... Rxg8 37. Bxf6+) 1-0

[Event "15th Kesan Open 2017"]
[Site "Kesan"]
[Date "2017.08.17"]
[Round "7.3"]
[White "Sanikidze, Tornike"]
[Black "Tereladze, Sopiko"]
[Result "1-0"]
[WhiteElo "2548"]
[BlackElo "2172"]
[Annotator "TA"]
[PlyCount "28"]
[EventCountry "TUR"]
[SourceTitle "playchess.com"]
[Source "ChessBase"]
[SourceQuality "1"]

{[%evp 11,28,147,223,201,197,173,193,189,255,238,321,281,400,397,400,423,593,598,685]} 1. d4 d6 2. Nf3 Nd7 3. e4 e5 4. Bc4 Be7 5. dxe5 Nb6 (5... Nxe5 6. Nxe5 dxe5 7. Qh5 g6 8. Qxe5 Nf6 9. Bh6 Rg8 10. Nc3 Ng4 11. Qf4 Nxh6 12. Rd1 Bd6 13. Qxh6 Qf6 14. Nd5 Qxb2 15. Qxh7 Rf8 16. Qh4 Be6 17. Qe7+ Bxe7 18. Nxc7# {1-0 (18) Lu,S (2615)-Bitoon,R (2417) Olongapo City 2015}) 6. Bb3 {C41: Philidor Defence} Bg4 {LiveBook: 3 Games} (6... a5 $16) 7. h3 Bh5 8. exd6 $146 {White is clearly better.} ({Find the theoretical novelty and annotate with similar games:} 8. e6 fxe6 9. Bxe6 Bf6 10. Qd3 Qe7 11. Qb5+ Kf8 12. Qxh5 Qxe6 13. Nbd2 {1-0 (57) Pourkashiyan,A (2329)-Geldyeva,M (2273) Doha 2006}) 8... Bxd6 9. O-O Qe7 (9... a5 $142 10. e5 Be7) 10. e5 $18 Bc5 11. Nc3 h6 (11... Qd7 $142 12. Ne4 Be7) 12. Re1 Rd8 13. Qe2 Kd7 (13... Kf8 $142 14. Ne4 Nd7) 14. Qe4 Kc8 {Precision: White = 64%, Black = 10%.} 1-0

[Event "15th Kesan Open 2017"]
[Site "Kesan"]
[Date "2017.08.17"]
[Round "7.4"]
[White "Annaberdiyev, Babageldi"]
[Black "Stefanov, Emil"]
[Result "0-1"]
[WhiteElo "2223"]
[BlackElo "2455"]
[Annotator "TA"]
[PlyCount "104"]
[EventCountry "TUR"]
[SourceTitle "playchess.com"]
[Source "ChessBase"]
[SourceQuality "1"]

{[%evp 9,104,41,43,55,48,33,32,0,8,9,19,1,9,10,15,10,22,0,0,0,-10,-19,-5,-46,-5,-55,-13,-173,-125,-162,-168,-150,-155,-173,-159,-158,-155,-197,-39,-166,-158,-412,-402,-460,-468,-688,-386,-1550,-1500,-1396,-1377,-1502,-1526,-1210,-316,-517,-517,-504,-489,-478,-478,-562,-554,-551,-543,-537,-489,-636,-599,-1095,-1143,-1200,-1183,-12842,-1737,-1520,-1467,-764,-1222,-29954,-4594,-29972,-29975,-29974,-29976,-29977,-29979,-29978,-29979,-29979,-29980,-29980,-29980,-29981,-29980,-29983,-29984]} 1. d4 g6 2. c4 Bg7 3. Nc3 e5 (3... d6 4. e4 Nc6 5. Nge2 e5 6. Be3 Nf6 7. f3 a6 8. Qd2 Rb8 9. d5 Ne7 10. Nc1 c5 11. g4 h5 12. g5 Nd7 13. h4 O-O 14. a4 Kh7 {0-1 (49) Vallejo Pons,F (2711)-Mamedov,R (2688) Doha 2016}) 4. dxe5 Nc6 5. Nf3 Nxe5 6. Nxe5 {A40: Unusual replies to 1 d4} Bxe5 7. Qc2 d6 8. e3 {White is slightly better.} Ne7 9. Bd2 c6 $146 ({Predecessor:} 9... O-O 10. Bd3 Nc6 11. Nd5 Bg7 12. Bc3 Ne5 13. O-O-O c6 {1-0 (41) Kilthau,P (1845)-Schuster,U (1905) Hockenheim 1994}) 10. Rd1 Qc7 11. Bd3 O-O 12. h4 h5 13. Ne2 d5 14. Bc3 Bg4 15. Rd2 Rad8 16. c5 Bxe2 (16... Bxc3 {looks sharper.} 17. Qxc3 d4 18. exd4 Nd5 19. Qc1 Nf4) 17. Bxe2 (17. Bxe5 {is interesting.} Qxe5 18. Rxe2 Kg7 19. O-O Ng8 20. Rd1) 17... Nf5 (17... Bxc3 {feels hotter.} 18. Qxc3 Nf5 19. Qf6 Rfe8 20. Bd3 Re6) 18. g4 $2 (18. Bxe5 $1 $11 {and White has nothing to worry.} Qxe5 19. Bd3) 18... hxg4 {Threatens to win with ...g3.} 19. Bxg4 Bxc3 20. bxc3 {[#]} Nxe3 $1 {[%mdl 512]} 21. fxe3 Qg3+ 22. Rf2 Qxg4 23. h5 {[#]} Qe4 $2 (23... Rde8 $1 $19 {[%cal Re8e3]} 24. Qe2 Qe4) 24. Rg1 (24. Qxe4 $15 dxe4 25. hxg6) 24... Qxe3+ $19 25. Kf1 $2 (25. Kd1 $17) 25... Qh3+ 26. Rgg2 Rde8 27. Qd1 (27. Qd2 $142 Qh1+ 28. Rg1 Qxh5 29. Qd3) 27... Re5 {...Rfe8 is the strong threat.} 28. hxg6 $2 (28. Qf3 Rxh5 29. Ke2 Re8+ 30. Kd2 Qxf3 31. Rxf3) 28... fxg6 {( -> ...Rxf2+)} 29. Rxf8+ Kxf8 {[%mdl 4096] Endgame KQR-KQR} 30. Qd4 Qh1+ 31. Rg1 Qf3+ (31... Qh2 $142 {[%csl Ge5][%cal Rh2e2]} 32. Rg2 Qh1+ 33. Rg1 Qh5) 32. Qf2 Rf5 {[%csl Gf5][%cal Rf3f2]} 33. Qxf3 Rxf3+ {KR-KR} 34. Ke2 Rxc3 35. Rb1 Rxc5 36. Rxb7 Rc2+ 37. Kd3 Rxa2 38. Rc7 Rf2 39. Rxc6 Kg7 40. Ra6 Kh6 41. Rxa7 Rf5 (41... g5 $142 42. Ke3 Rf5) 42. Ra1 g5 {[%cal Bg6g5,Bg5g4,Bg4g3][%mdl 32]} 43. Rh1+ Kg6 44. Ke3 g4 45. Rh8 Kg5 {Black mates.} 46. Rh7 g3 47. Ke2 Kg4 48. Rg7+ Kh3 49. Rh7+ {[#]} Kg2 $1 50. Rh8 Re5+ 51. Kd2 Kg1 52. Rg8 g2 {Precision: White = 19%, Black = 58%.} 0-1

[Event "15th Kesan Open 2017"]
[Site "Kesan"]
[Date "2017.08.17"]
[Round "7.5"]
[White "Grigoriev, Armen"]
[Black "Markidis, Konstantinos"]
[Result "0-1"]
[WhiteElo "2160"]
[BlackElo "2350"]
[Annotator "TA"]
[PlyCount "106"]
[EventCountry "TUR"]
[SourceTitle "playchess.com"]
[Source "ChessBase"]
[SourceQuality "1"]

{[%evp 22,106,0,-25,-2,-12,18,24,47,41,42,39,44,40,29,7,27,8,45,9,32,0,29,0,6,-23,-22,-47,-4,-61,-67,-86,-75,-78,-75,-85,-85,-108,-94,-104,-48,-39,-16,-86,-80,-100,-78,-82,-71,-78,-53,-78,-39,-35,-24,-103,-97,-128,-129,-223,-221,-221,-220,-210,-217,-256,-263,-224,-204,-547,-541,-536,-516,-955,-928,-29976,-29977,-29972,-1557,-29989,-29990,-29993,-29994,-29994,-29993,-29993,-29993]} 1. c4 g6 2. g3 Bg7 3. Bg2 c5 4. Nc3 Nc6 5. d3 d6 6. Nf3 {[%cal Bg1f3,Bf3e1,Be1c2][%mdl 32]} e5 7. O-O Nge7 8. Ne1 {A37: Symmetrical English vs ...g6: 4 Bg2 Bg7 5 Nf3} a6 9. Nc2 Rb8 10. a4 O-O 11. Ne3 (11. Rb1 a5 12. Bg5 f6 13. Bd2 f5 14. f4 Be6 15. Nd5 Nb4 16. fxe5 Nbxd5 17. cxd5 Nxd5 18. exd6 Qxd6 19. Bxa5 {0-1 (34) Navara,D (2724)-Vachier Lagrave,M (2731) Biel 2015}) 11... Nb4 12. Bd2 {LiveBook: 10 Games} Be6 13. Ned5 Nbxd5 $146 ({Find the theoretical novelty and annotate with similar games:} 13... Nexd5 14. cxd5 Bc8 15. Qb3 a5 16. Nb5 Qe7 17. e4 Bd7 18. f4 Bh6 19. Kh1 Kg7 20. Rf2 {1-0 (38) Feustel,B (2365)-Sigurjonsson,G (2435) Randers 1982}) 14. cxd5 Bc8 15. a5 b5 16. axb6 Qxb6 17. Ra2 f5 18. Qc1 Kh8 19. Nd1 Qd8 (19... f4 $5) 20. Ra4 Qd7 (20... f4 $5) 21. Rc4 Rb3 (21... a5 $5) 22. Qc2 (22. Rc3 $5 {[%cal Rc3b3]} Rb8 23. e4 $11) 22... Qb7 23. Bc1 Bd7 24. Nc3 Rb4 25. h3 ({Better is} 25. Na2 $11 Rb3 26. Rc3) 25... a5 {[%cal Ba6a5,Ba5a4][%mdl 32]} 26. Kh2 Nc8 27. Na2 Rxc4 28. dxc4 a4 29. Nc3 Qb4 30. Nb1 Nb6 ({Black should play} 30... e4 $1 $17) 31. Na3 $1 $15 e4 32. f3 (32. Bf4 $11) 32... exf3 $1 $17 33. Rxf3 Re8 34. Bf1 Kg8 35. e3 Be5 36. Bd3 Re7 37. Kg2 Be8 $36 {[%mdl 2048] Black has good play.} 38. Nb1 (38. e4 $11 {keeps the balance.} fxe4 39. Bxe4) 38... Nd7 {[%cal Bb6d7,Bd7e5,Be5d3][%mdl 32]} 39. Nd2 Bg7 40. e4 (40. Rf2 $17 {was worth a try.}) 40... Ne5 $19 41. Rf2 Nxd3 42. Qxd3 Bd7 {[%cal Be8d7,Bd7f5,Bf5c2][%mdl 32]} ({Don't take} 42... Bxb2 43. Bxb2 Qxb2 44. exf5 $17) 43. exf5 Bxf5 44. Qf3 Qb8 ({Resist} 44... Bxb2 45. Bxb2 Qxb2 46. g4 $17) 45. g4 $2 (45. Re2 {nothing else works.} Qe8 46. Rxe7 Qxe7 47. g4) 45... Bc2 46. Qf4 Bd4 47. Qg5 (47. Nf1 $142 Bd3 48. Ne3) 47... Qe8 {And now ...Re2 would win.} 48. Rf1 Re2+ 49. Kg3 Be5+ (49... Re1 $142 50. Qd8 Re3+ 51. Nf3 {[#]} Rxf3+ $1 {[%mdl 512]} 52. Rxf3 Qxd8 53. Rf1 Bd3 54. Re1 Qf6 55. Bf4 Bf2+ $1 {[%mdl 512]} 56. Kxf2 Qxf4+ 57. Kg2 Qd2+ 58. Re2 Qxe2+ 59. Kg3 Be4 60. Kh4 h6 61. g5 Qf2+ 62. Kg4 h5#) 50. Kh4 Rg2 {[%csl Gg2][%cal Re5g3] Black mates.} 51. Rf3 {[#]} h6 $1 {[%mdl 512]} 52. Qxh6 Qe7+ 53. g5 Bg7 {Precision: White = 35%, Black = 54%.} 0-1